| 000 | 00915cam a2200265 a 4500 | ||
|---|---|---|---|
| 008 | |||
| 049 | _aMAIN | ||
| 090 | _aPN1992.45SEL | ||
| 100 | 1 | _aSelby, Keith. | |
| 245 | 1 | 0 |
_aHow to study television / _cKeith Selby and Ron Cowdery. |
| 260 |
_aHoundmills, Basingstoke, Hampshire : _bMacmillan, _c1995. |
||
| 300 |
_axi, 241 p. : _bill. ; _c22 cm. |
||
| 500 | _aIncludes bibliographical references and index. | ||
| 650 | 0 |
_aTelevision _xStudy and teaching. |
|
| 650 | 0 |
_aTelevision programs _xStudy and teaching. |
|
| 650 | 0 |
_aTelevision broadcasting _xStudy and teaching. |
|
| 650 | 0 |
_aTelevision _xProduction and direction _xStudy and teaching. |
|
| 653 | 0 |
_aTelevision _aProgrammes (Broadcasting) |
|
| 700 | 1 | _aCowdery, Ron. | |
| 907 |
_a.b10021504 _b30-01-06 _c17-04-03 |
||
| 003 | |||
| 005 | 20230123133137.0 | ||
| 040 | _cNUST | ||
| 942 |
_cBOOKS _kPN1992.45SEL |
||
| 999 |
_c143512 _d143512 |
||